00646nam a22001697a 4500003000400000082001600004100001700020245010900037260003500146300000700181650002900188653000800217942001200225952011700237952010500354999001700459SGT a618.2bE21N aNANDAL, ISHA aTo Evaluate the Efficacy of intravenous Tranexamic Acid in reducing Blood loss During Caesarean Delivery aGURUGRAMbSGT UNIVERSITYc2021 a76 aOBSTETIRICS & GYNECOLOGY aM.S 2ddccTH 00102ddc4051718MEDICALaFMbFMcREFd2024-06-21l0o618.2 E21NpDT1703r2024-06-21 00:00:00w2024-06-21yTH 00102ddc4071aFMbFMcREFd2025-11-12l0o618.2 E21NpDT2468r2025-11-12 00:00:00w2025-11-12yTH c26490d26490